Arabic /

Guardado en:
Bibliografiske detaljer
Hovedforfatter: Tritton, A.S (autor)
Format: Bog
Sprog:engelsk
Udgivet: Londres, Inglaterra : English University, 1977
Fag:
Tags: Tilføj Tag
Ingen Tags, Vær først til at tagge denne postø!

MARC

LEADER 00000nam^a2200000^a^4500
001 000004819
005 20250521000000.0
009 20260310083322.201
037 |a Acervo ITESO - Biblioteca 
041 |a ING 
082 |a 492. 7  |b TRI 
100 |a Tritton, A.S.  |e (autor) 
245 1 0 |a Arabic /  |c A.S. Tritton. 
264 1 |a Londres, Inglaterra :  |b English University,  |c 1977 
300 |a 296 p. 
336 |a texto  |b txt  |2 rdacontenido 
337 |a sin mediación  |b n  |2 rdamedio 
338 |a volumen  |b nc  |2 rdasoporte 
649 |a XX 
650 |a Arabe 
650 |a Lenguas 
650 |a Lingüística 
910 |a Fondo General 
920 |a Impresos - Libros 
930 |a Colección General 
905 |a 101 
901 |a 0048190100  |b IT1  |c ACC  |i 004819  |u 20250521 
902 |a https://opac.biblio.iteso.mx/vufind/Record/000004819